书目信息 |
| 题名: |
中国当代生态学研究
|
|
| 作者: | 李文华 主编 | |
| 分册: | 生物多样性保育卷 | |
| 出版信息: | 北京 科学出版社 2013.07 |
|
| 页数: | 23,369页 | |
| 开本: | 29cm | |
| 丛书名: | ||
| 单 册: | ||
| 中图分类: | Q14 , X176 | |
| 科图分类: | ||
| 主题词: | 生态学--研究--中国 , 生物多样性--生物资源保护--研究--中国 , 生态学 , 生物多样性 , 生物资源保护 | |
| 电子资源: | ||
| ISBN: | 978-7-03-038130-9 | |
| 000 | 01203nam0 2200313 450 | |
| 001 | 010050029324 | |
| 005 | 20140609154402.96 | |
| 010 | @a978-7-03-038130-9@b精装@dCNY129.00 | |
| 100 | @a20130820d2013 em y0chiy0110 ea | |
| 101 | 0 | @achi |
| 102 | @aCN@b110000 | |
| 105 | @aabk z 000yy | |
| 106 | @ar | |
| 200 | 1 | @a中国当代生态学研究@9zhong guo dang dai sheng tai xue yan jiu@i生物多样性保育卷@f李文华主编 |
| 210 | @a北京@c科学出版社@d2013.07 | |
| 215 | @a23,369页@c图,地图@d29cm | |
| 300 | @a本书由中国科学院生态系统网络观测与模拟重点实验室开放基金 城市与区域生态国家重点实验室开放基金联合资助 | |
| 330 | @a本书内容涵盖了生物多样性调查、评估与监测、保护与研究、可持续利用的技术与展望等方面,涉及海洋、农业、动物、植物、鸟类、鱼类、药物、微生物和菌物等多个门类。 | |
| 333 | @a可供生物多样性研究者、高等院校相关专业师生以及广大从事生态保护工作的相关人员有着重要的参考价值 | |
| 606 | 0 | @a生态学@x研究@y中国 |
| 606 | 0 | @a生物多样性@x生物资源保护@x研究@y中国 |
| 606 | 0 | @a生态学 |
| 606 | 0 | @a生物多样性 |
| 606 | 0 | @a生物资源保护 |
| 690 | @aQ14@v5 | |
| 690 | @aX176@v5 | |
| 701 | 0 | @a李文华@9li wen hua@4主编 |
| 801 | 0 | @aCN@b人天书店@c20130820 |
| 905 | @b549906-08@dQ14@e171@f3 | |
| 中国当代生态学研究.生物多样性保育卷/李文华主编.-北京:科学出版社,2013.07 |
| 23,369页:图,地图;29cm |
| 本书由中国科学院生态系统网络观测与模拟重点实验室开放基金 城市与区域生态国家重点实验室开放基金联合资助.-使用对象:可供生物多样性研究者、高等院校相关专业师生以及广大从事生态保护工作的相关人员有着重要的参考价值 |
| ISBN 978-7-03-038130-9(精装):CNY129.00 |
| 本书内容涵盖了生物多样性调查、评估与监测、保护与研究、可持续利用的技术与展望等方面,涉及海洋、农业、动物、植物、鸟类、鱼类、药物、微生物和菌物等多个门类。 |
| ● |
| 相关链接 |
|
|
|
|
正题名:中国当代生态学研究
索取号:Q14/171
 
预约/预借
| 序号 | 登录号 | 条形码 | 馆藏地/架位号 | 状态 | 备注 |
| 1 | 549906 | 205499067 | 第二样本阅览室/ [索取号:Q14/171] | 在馆 | |
| 2 | 549907 | 205499076 | 第三借阅区/ [索取号:Q14/171] | 在馆 | |
| 3 | 549908 | 205499085 | 密集书库-生命科学系/ [索取号:Q14/171] | 在馆 |